| 000 | 00651nam a22002417a 4500 | ||
|---|---|---|---|
| 001 | 4873 | ||
| 003 | FISKH | ||
| 005 | 20241022122640.0 | ||
| 008 | 241022b cb ||||| |||| 00| 0 eng d | ||
| 020 | _a 9780333338032 | ||
| 040 |
_aFISKH _beng _cFISKH _dFISKH |
||
| 082 | _a509 | ||
| 100 | _aDugan, Michael | ||
| 245 |
_aScientists / _cby Michael Dugan |
||
| 260 |
_aSouth Melbourne : _bMacmillan ; _c1981 . |
||
| 300 |
_a31 pages : _bcolor illustrations, map ; _c21 cm . |
||
| 490 | _aFamous Australians | ||
| 505 | _aS | ||
| 521 | 8 |
_a790
_bLexile estimate |
|
| 521 | 8 |
_aS
_bRaz-Plus |
|
| 942 |
_2ddc _cBK _n0 |
||
| 999 |
_c4873 _d4873 |
||